| 000 | 00595nam a2200205 a 4500 | ||
|---|---|---|---|
| 001 | 5618 | ||
| 003 | CDMR | ||
| 005 | 20131021101923.0 | ||
| 008 | 130130s1996||||||||||||||||||||||||||||d | ||
| 020 | _a1878107062 | ||
| 040 |
_aCDMR _bcat _cCDMR |
||
| 245 | 4 |
_aThe best of newspaper design _b: seventeenth edition _cThe Society of Newspaper Design |
|
| 250 | _a17 ed. | ||
| 260 |
_aRockport _c1996 _bRockport Publishers |
||
| 300 |
_a256 p. _bil. col. _c30 cm |
||
| 650 | 0 | 4 |
_94138 _aArts grà fiques |
| 650 | 0 | 4 |
_91840 _aDiaris _xDisseny |
| 710 | 2 |
_94148 _aSociety of Newspaper Design |
|
| 942 |
_cMON _2udc |
||
| 999 |
_c5618 _d5618 |
||